Gynaecology by ten teachers / (Record no. 20386)

MARC details
000 -LEADER
fixed length control field 00794nam a22002532 4500
001 - CONTROL NUMBER
control field 0000018886
003 - CONTROL NUMBER IDENTIFIER
control field OSt
005 - DATE AND TIME OF LATEST TRANSACTION
control field 20231031130221.0
008 - FIXED-LENGTH DATA ELEMENTS--GENERAL INFORMATION
fixed length control field 100811s xx 000 0 eng d
020 ## - INTERNATIONAL STANDARD BOOK NUMBER
International Standard Book Number 1498744614
040 ## - CATALOGING SOURCE
Original cataloging agency KABU
Transcribing agency KABU
050 ## - LIBRARY OF CONGRESS CALL NUMBER
Classification number RG524
Item number .G96 2017
245 10 - TITLE STATEMENT
Title Gynaecology by ten teachers /
Statement of responsibility, etc. edited by Hellen Bickerstaff & Louise C. Kenny
250 ## - EDITION STATEMENT
Edition statement 20th ed.
260 ## - PUBLICATION, DISTRIBUTION, ETC. (IMPRINT)
Place of publication, distribution, etc. London :
Name of publisher, distributor, etc. Hodder Arnold,
Date of publication, distribution, etc. 2017.
300 ## - PHYSICAL DESCRIPTION
Extent xviii, 254 p.
650 #0 - SUBJECT ADDED ENTRY--TOPICAL TERM
Topical term or geographic name as entry element Gynecology.
650 #0 - SUBJECT ADDED ENTRY--TOPICAL TERM
Topical term or geographic name as entry element Gynecologic diseases.
908 ## - PUT COMMAND PARAMETER (RLIN)
Put command parameter 100811
942 ## - ADDED ENTRY ELEMENTS (KOHA)
Source of classification or shelving scheme Library of Congress Classification
Koha item type General Collection
Edition 20th
Classification part RG524
Item part .G96 2017
Holdings
Withdrawn status Lost status Source of classification or shelving scheme Not for loan Home library Current library Date acquired Cost, normal purchase price Total Checkouts Full call number Barcode Date last seen Date last checked out Price effective from Koha item type
    Library of Congress Classification   Kabarak, Main Campus Kabarak, Main Campus 31/10/2023 5397.00 3 RG524 .G96 2017 c.1 34467 28/07/2025 10/07/2025 31/10/2023 General Collection
Designed with assistance from East African Informatics Ltd